Bekannteste Film-Franchises der Welt - Statistiken

Allgemein
  • Dieses Quiz wurde 100 mal gespielt
  • Das Durchschnittsergebnis liegt bei 6 aus 11
Antwortstatistiken
Antwort % Korrekt
Harry Potter
87%
Star Wars
85%
Marvel
80%
Lord of the Rings / Hobbit
73%
DC
71%
James Bond
50%
Star Trek
45%
Fast & Furious
38%
Jurassic Park / Jurassic World
34%
Pirates of the Caribbean
31%
Transformers
21%
Keine übereinstimmenden Quizze gefunden
Verteilung der Resultate
Anzahl Personen mit jedem Resultat
Perzentil nach korrekt beantworteten Fragen
Ihre Resultats-Entwicklung
Sie haben dieses Quiz noch nicht gespielt